[Event "English Womens Open Championship"]
[Site "Kenilworth"]
[Date "2023.05.28"]
[Round "5.3"]
[White "Varney, Zoe"]
[Black "Longson, Sarah N"]
[Result "1-0"]
[WhiteElo "1974"]
[BlackElo "2031"]
[PlyCount "98"]
[EventDate "2023.05.26"]
[EventType "swiss"]
[EventRounds "7"]
[EventCountry "ENG"]
[SourceTitle "BritBase"]
[Source "John Saunders"]
[SourceDate "2023.05.30"]
[SourceVersion "1"]
[SourceVersionDate "2023.05.30"]
[SourceQuality "1"]

1. e4 e5 2. Nf3 Nc6 3. d4 exd4 4. Nxd4 Bc5 5. Nb3 Bb6 6. Nc3 Nf6 7. Bg5 h6 8.
Bh4 g5 9. Bg3 Qe7 10. f3 d6 11. Qd2 a5 12. Bb5 Bd7 13. O-O-O Ne5 14. Bxd7+
Nexd7 15. Nd4 O-O-O 16. Ncb5 Ne5 17. Qc3 Kb8 18. a4 Nfd7 19. Nb3 g4 20. f4 Nc6
21. Rhe1 h5 22. N3d4 Nb4 23. Kb1 Nc5 24. e5 d5 25. b3 Ne4 26. Qe3 Qc5 27. c3
Nc6 28. Bh4 Rde8 29. Rc1 Nxd4 30. Nxd4 Ba7 31. Qd3 Qa3 32. Re2 c5 33. Ra2 c4
34. bxc4 Qc5 35. cxd5 Qxd5 36. Rd1 Rc8 37. Be1 Rhd8 38. Re2 Nc5 39. Qb5 Qd7 40.
Qxa5 Nxa4 41. Nc6+ Qxc6 42. Rxd8 Bb6 43. Rxc8+ Kxc8 44. Qb4 Nc5 45. Ra2 Qg6+
46. Ka1 Kc7 47. Bf2 Qc6 48. Bxc5 Bxc5 49. Qc4 b6 1-0

[Event "English Womens Open Championship"]
[Site "Kenilworth"]
[Date "2023.05.28"]
[Round "5.4"]
[White "Hryshchenko, Kamila"]
[Black "Dicen, Elis Denele"]
[Result "1-0"]
[WhiteElo "2169"]
[BlackElo "1925"]
[PlyCount "135"]
[EventDate "2023.05.26"]
[EventType "swiss"]
[EventRounds "7"]
[EventCountry "ENG"]
[SourceTitle "BritBase"]
[Source "John Saunders"]
[SourceDate "2023.05.30"]
[SourceVersion "1"]
[SourceVersionDate "2023.05.30"]
[SourceQuality "1"]

1. e4 c6 2. d3 d5 3. Nd2 e5 4. Ngf3 Bd6 5. g3 Nf6 6. Bg2 O-O 7. O-O Nbd7 8. h3
Qe7 9. Nh4 Nc5 10. Qe2 Re8 11. Re1 Bd7 12. a4 a5 13. Nf1 d4 14. Nh2 Ra6 15. Bd2
Qd8 16. Rf1 b5 17. axb5 cxb5 18. Qe1 b4 19. b3 Qc8 20. g4 Ne6 21. Qd1 h6 22.
Nf5 Bf8 23. Nf3 Nd8 24. Ne1 Nb7 25. f4 exf4 26. Bxf4 Bxf5 27. gxf5 Nd7 28. Nf3
Bc5 29. Ra2 Ba7 30. Qe1 Nbc5 31. Qg3 Nf6 32. Be5 Ncd7 33. Bxd4 Bxd4+ 34. Nxd4
Qc5 35. Qf2 Rd6 36. Nf3 Qc7 37. Rfa1 Ra6 38. Nd2 Ne5 39. d4 Ned7 40. e5 Nh7 41.
Nc4 Ng5 42. h4 Nh7 43. Rxa5 Rxa5 44. Rxa5 Nhf8 45. Ra6 Nb8 46. Ra8 Nfd7 47. h5
Nb6 48. Nxb6 Qxb6 49. d5 Qb5 50. e6 fxe6 51. fxe6 Rf8 52. Qe3 Re8 53. Bf3 Rc8
54. e7 Re8 55. d6 Qd7 56. Bd5+ Kh8 57. Qf4 Qc8 58. Be4 Qc5+ 59. Kg2 Kg8 60. d7
Qxe7 61. dxe8=Q+ Qxe8 62. Rxb8 Qxb8 63. Qxb8+ Kf7 64. Qd6 g5 65. Bg6+ Kg7 66.
Qe7+ Kg8 67. Qf7+ Kh8 68. Qh7# 1-0

[Event "English Womens Open Championship"]
[Site "Kenilworth"]
[Date "2023.05.28"]
[Round "5.5"]
[White "Rida, Ruqayyah"]
[Black "Sivanandan, Bodhana"]
[Result "1-0"]
[WhiteElo "1842"]
[BlackElo "1792"]
[PlyCount "125"]
[EventDate "2023.05.26"]
[EventType "swiss"]
[EventRounds "7"]
[EventCountry "ENG"]
[SourceTitle "BritBase"]
[Source "John Saunders"]
[SourceDate "2023.05.30"]
[SourceVersion "1"]
[SourceVersionDate "2023.05.30"]
[SourceQuality "1"]

1. e4 c6 2. d4 d5 3. Nd2 dxe4 4. Nxe4 Nf6 5. Nxf6+ exf6 6. c3 Bd6 7. Bd3 O-O 8.
Qc2 Re8+ 9. Ne2 h5 10. Be3 Nd7 11. O-O-O Nf8 12. Kb1 Be6 13. c4 Rc8 14. Nc3 Bb4
15. Ne2 Qa5 16. Nc1 b5 17. c5 Qd8 18. Bf5 g6 19. Bxe6 Rxe6 20. Qb3 Ba5 21. d5
cxd5 22. Rxd5 Qe8 23. Ne2 a6 24. Rhd1 Bc7 25. g3 Re5 26. Nc3 Qe6 27. Qc2 Rxd5
28. Nxd5 Be5 29. Qd3 Nd7 30. f4 Bb8 31. Ne7+ Qxe7 32. Qxd7 Qxd7 33. Rxd7 Kf8
34. Bd4 Ke8 35. Rb7 Bc7 36. Bxf6 Ba5 37. Re7+ Kf8 38. Re5 Rc6 39. Be7+ Kg7 40.
Bd6 Bd8 41. b4 Bf6 42. Re8 h4 43. Kc2 hxg3 44. hxg3 g5 45. Kd3 gxf4 46. gxf4 a5
47. Ra8 axb4 48. Ke4 Rxd6 49. cxd6 Kg6 50. d7 Kg7 51. d8=Q Bxd8 52. Rxd8 Kf6
53. Rd6+ Ke7 54. Ke5 f5 55. Kd5 Kf7 56. Re6 Kf8 57. Ke5 Kf7 58. Kxf5 Kg7 59.
Rf6 Kh7 60. Rg6 Kh8 61. Kf6 Kh7 62. Kf7 Kh8 63. Rh6# 1-0

[Event "English Womens Open Championship"]
[Site "Kenilworth"]
[Date "2023.05.28"]
[Round "5.6"]
[White "Weersing, Abigail R"]
[Black "Jayawarna, Thisumi"]
[Result "1/2-1/2"]
[WhiteElo "1932"]
[BlackElo "1500"]
[PlyCount "149"]
[EventDate "2023.05.26"]
[EventType "swiss"]
[EventRounds "7"]
[EventCountry "ENG"]
[SourceTitle "BritBase"]
[Source "John Saunders"]
[SourceDate "2023.05.30"]
[SourceVersion "1"]
[SourceVersionDate "2023.05.30"]
[SourceQuality "1"]

1. d4 Nf6 2. c4 c5 3. d5 e6 4. Nc3 exd5 5. cxd5 d6 6. Nf3 g6 7. e4 Bg7 8. h3
O-O 9. Bd3 a6 10. a4 b6 11. O-O Bb7 12. Bf4 Re8 13. Nd2 Nh5 14. Bh2 Be5 15.
Bxe5 dxe5 16. Ne2 Nd7 17. Nc4 Qc7 18. Ne3 Ndf6 19. Qc2 Rac8 20. Rac1 Qe7 21.
Nc4 Nd7 22. Qb3 Rb8 23. Nxb6 Bxd5 24. Qxd5 Rxb6 25. b3 Reb8 26. Rb1 Rd6 27. Qc4
Rb4 28. Qc2 Qg5 29. Rfd1 Nhf6 30. Nc3 Rbd4 31. Qe2 Nh5 32. Bc4 Nf4 33. Qf3 Nf6
34. Kh2 h5 35. g3 Ne6 36. h4 Ng4+ 37. Kg1 Qf6 38. Qxf6 Nxf6 39. f3 Rxd1+ 40.
Rxd1 Nd4 41. Kf2 Rb6 42. Nd5 Rd6 43. Ke3 Nc2+ 44. Kd3 Nd4 45. Rf1 Nxd5 46. Bxd5
Nxb3 47. Rb1 Na5 48. Rb8+ Kg7 49. Rc8 c4+ 50. Kc3 Rf6 51. Kb4 Nb3 52. Rxc4 Rxf3
53. Rc3 Rxc3 54. Kxc3 Nc5 55. Kb4 Nxa4 56. Kxa4 f5 57. Ka5 fxe4 58. Bxe4 Kf6
59. Kxa6 g5 60. Kb5 gxh4 61. gxh4 Kg7 62. Kc5 Kf6 63. Kd6 Kg7 64. Ke6 Kh6 65.
Kf5 Kg7 66. Kg5 Kg8 67. Kh6 Kh8 68. Kxh5 Kg7 69. Kg5 Kg8 70. h5 Kh8 71. Kh6 Kg8
72. Kg6 Kh8 73. h6 Kg8 74. Kf6 Kh8 75. h7 1/2-1/2

[Event "English Womens Open Championship"]
[Site "Kenilworth"]
[Date "2023.05.28"]
[Round "5.7"]
[White "Catabay, Mae"]
[Black "Latypova, Olga L"]
[Result "1/2-1/2"]
[WhiteElo "1542"]
[BlackElo "1780"]
[PlyCount "43"]
[EventDate "2023.05.26"]
[EventType "swiss"]
[EventRounds "7"]
[EventCountry "ENG"]
[SourceTitle "BritBase"]
[Source "John Saunders"]
[SourceDate "2023.05.30"]
[SourceVersion "1"]
[SourceVersionDate "2023.05.30"]
[SourceQuality "1"]

1. d4 Nf6 2. c4 g6 3. Nf3 Bg7 4. Nc3 d5 5. Bf4 O-O 6. e3 c5 7. Be2 Nc6 8. Ne5
e6 9. Bg3 Qa5 10. O-O cxd4 11. exd4 Rd8 12. Nb5 Ne8 13. c5 Nxe5 14. Bxe5 Bxe5
15. dxe5 a6 16. Nd6 Qxc5 17. Rc1 Qb6 18. Nxe8 Rxe8 19. Qa4 Rd8 20. Qf4 Bd7 21.
h4 h5 22. Bxh5 1/2-1/2

[Event "English Womens Open Championship"]
[Site "Kenilworth"]
[Date "2023.05.28"]
[Round "5.8"]
[White "Hariharan, Shambavi"]
[Black "Subramanian, Anusha"]
[Result "1/2-1/2"]
[WhiteElo "1523"]
[BlackElo "1858"]
[PlyCount "86"]
[EventDate "2023.05.26"]
[EventType "swiss"]
[EventRounds "7"]
[EventCountry "ENG"]
[SourceTitle "BritBase"]
[Source "John Saunders"]
[SourceDate "2023.05.30"]
[SourceVersion "1"]
[SourceVersionDate "2023.05.30"]
[SourceQuality "1"]

1. d4 d5 2. c4 e6 3. g3 Nf6 4. Bg2 c6 5. Nf3 Nbd7 6. cxd5 exd5 7. Nc3 Bd6 8.
O-O O-O 9. Re1 Re8 10. Qc2 Nf8 11. Bg5 Ne6 12. Bxf6 Qxf6 13. Rad1 Bb4 14. a3
Bxc3 15. bxc3 Ng5 16. Nxg5 Qxg5 17. c4 dxc4 18. Qxc4 Qa5 19. Qb4 Qh5 20. Bf3
Qf5 21. d5 a5 22. Qc3 Bd7 23. dxc6 Bxc6 24. Bxc6 Qc8 25. Rc1 bxc6 26. Qxc6 Qg4
27. Qc4 Qg5 28. e3 h5 29. Qc5 Qg4 30. Rc4 Qe6 31. Rd4 g6 32. Red1 Rec8 33. Qd5
Qe7 34. Qd6 Qg5 35. Qf4 Qe7 36. Rd7 Qe6 37. R1d6 Qa2 38. Rd5 Rf8 39. a4 Rac8
40. Rd1 Rc2 41. R7d4 Qb3 42. Qf6 Qc3 43. Rd6 Qb4 1/2-1/2

[Event "English Womens Open Championship"]
[Site "Kenilworth"]
[Date "2023.05.28"]
[Round "5.9"]
[White "Gorrepati, Soumya"]
[Black "Sheikh, Anum"]
[Result "0-1"]
[WhiteElo "1612"]
[BlackElo "1751"]
[PlyCount "76"]
[EventDate "2023.05.26"]
[EventType "swiss"]
[EventRounds "7"]
[EventCountry "ENG"]
[SourceTitle "BritBase"]
[Source "John Saunders"]
[SourceDate "2023.05.30"]
[SourceVersion "1"]
[SourceVersionDate "2023.05.30"]
[SourceQuality "1"]

1. e4 c5 2. Nf3 e6 3. d4 cxd4 4. Nxd4 Nc6 5. Be3 a6 6. a3 Qc7 7. c4 Nf6 8. Nc3
Be7 9. Be2 d6 10. O-O O-O 11. Nxc6 bxc6 12. f4 Rd8 13. Bf3 Rb8 14. Qe2 a5 15.
Na4 Ba6 16. Rfe1 Rd7 17. Qf2 Bd8 18. c5 d5 19. Nb6 Re7 20. Bd2 Nd7 21. Nxd7
Qxd7 22. Bc3 Re8 23. Qg3 f6 24. Rad1 Be7 25. b4 axb4 26. axb4 Bc4 27. h4 Ra8
28. Bh5 Rf8 29. Be2 Bxe2 30. Rxe2 Ra3 31. Rc2 e5 32. fxe5 fxe5 33. Qxe5 Bf6 34.
Qg3 d4 35. Rd3 Qe7 36. Be1 Ra1 37. Rf3 Qxe4 38. Rf1 Qxc2 0-1

[Event "English Womens Open Championship"]
[Site "Kenilworth"]
[Date "2023.05.28"]
[Round "5.10"]
[White "Gamal, Alaa"]
[Black "Walker, Kate"]
[Result "1/2-1/2"]
[WhiteElo "1752"]
[BlackElo "1541"]
[PlyCount "86"]
[EventDate "2023.05.26"]
[EventType "swiss"]
[EventRounds "7"]
[EventCountry "ENG"]
[SourceTitle "BritBase"]
[Source "John Saunders"]
[SourceDate "2023.05.30"]
[SourceVersion "1"]
[SourceVersionDate "2023.05.30"]
[SourceQuality "1"]

1. d4 d5 2. Nc3 Bf5 3. Bf4 c6 4. e3 Nf6 5. f3 e6 6. g4 Bg6 7. h4 h6 8. Bd3 Bxd3
9. Qxd3 Bd6 10. Nge2 Qe7 11. Bxd6 Qxd6 12. O-O-O Nbd7 13. g5 Ng8 14. Rdg1 O-O-O
15. gxh6 gxh6 16. Rg7 Qf8 17. Rhg1 h5 18. Nf4 Ne7 19. e4 dxe4 20. Qxe4 Nf6 21.
Qe5 Nd7 22. Qa5 Kb8 23. Qb4 Nf5 24. Qxf8 Rdxf8 25. Nxe6 fxe6 26. Rxd7 Rhg8 27.
Re1 Rh8 28. Rxe6 Kc8 29. Rde7 Nxe7 30. Rxe7 Rxf3 31. Ne4 Rf4 32. Nd6+ Kb8 33.
Nxb7 Ka8 34. Na5 Rxd4 35. Nxc6 Ra4 36. a3 Ra6 37. Nb4 Rd6 38. Re4 Rhd8 39. c3
a5 40. Na2 Rd1+ 41. Kc2 R8d2+ 42. Kb3 Rb1 43. Ra4 Rdxb2+ 1/2-1/2

[Event "English Womens Open Championship"]
[Site "Kenilworth"]
[Date "2023.05.28"]
[Round "5.11"]
[White "Sengenberger, Sara"]
[Black "Milewska, Agnieszka"]
[Result "0-1"]
[WhiteElo "1415"]
[BlackElo "1643"]
[PlyCount "130"]
[EventDate "2023.05.26"]
[EventType "swiss"]
[EventRounds "7"]
[EventCountry "ENG"]
[SourceTitle "BritBase"]
[Source "John Saunders"]
[SourceDate "2023.05.30"]
[SourceVersion "1"]
[SourceVersionDate "2023.05.30"]
[SourceQuality "1"]

1. e4 c6 2. d4 d5 3. exd5 cxd5 4. Bd3 Nf6 5. c3 Nc6 6. Bf4 Bg4 7. f3 Bh5 8. Nd2
e6 9. g4 Bg6 10. Bxg6 hxg6 11. Qe2 Bd6 12. Bxd6 Qxd6 13. O-O-O Rc8 14. Kb1 a6
15. h3 Na5 16. f4 Qxf4 17. Ngf3 Nc4 18. Nxc4 Rxc4 19. Ne5 Rc7 20. Nd3 Qd6 21.
Nc5 O-O 22. g5 Nh5 23. Qh2 Qxh2 24. Rxh2 e5 25. Re1 e4 26. Nxe4 dxe4 27. Rxe4
Ng3 28. Re1 Nf5 29. Rhe2 Rd8 30. Re8+ Rxe8 31. Rxe8+ Kh7 32. Rd8 Re7 33. d5
Re1+ 34. Kc2 Re2+ 35. Kb3 Rd2 36. c4 Ne7 37. Kc3 Rh2 38. Rd7 Rxh3+ 39. Kb4 Nf5
40. Kc5 Rg3 41. Rxb7 Rxg5 42. Ra7 Rg2 43. b4 g5 44. Rxf7 Kg6 45. Ra7 g4 46.
Rxa6+ Kg5 47. d6 Rd2 48. d7 Rxd7 49. b5 g3 50. Re6 Kf4 51. Kc6 Rd6+ 52. Rxd6
Nxd6 53. Kxd6 g2 54. b6 g1=Q 55. Kc6 g5 56. b7 Qa7 57. Kc7 g4 58. a4 g3 59. a5
g2 60. c5 g1=Q 61. c6 Qxa5+ 62. Kd7 Qd4+ 63. Ke6 Qde5+ 64. Kf7 Qac7+ 65. Kg6
Qcg7# 0-1

[Event "English Womens Open Championship"]
[Site "Kenilworth"]
[Date "2023.05.28"]
[Round "6.1"]
[White "Pert, Nina P"]
[Black "Varney, Zoe"]
[Result "0-1"]
[WhiteElo "1999"]
[BlackElo "1974"]
[PlyCount "92"]
[EventDate "2023.05.26"]
[EventType "swiss"]
[EventRounds "7"]
[EventCountry "ENG"]
[SourceTitle "BritBase"]
[Source "John Saunders"]
[SourceDate "2023.05.30"]
[SourceVersion "1"]
[SourceVersionDate "2023.05.30"]
[SourceQuality "1"]

1. e4 e5 2. Nf3 Nc6 3. Bc4 Nf6 4. d3 Bc5 5. Bg5 h6 6. Bh4 g5 7. Bg3 d6 8. Nbd2
a6 9. a4 Nh5 10. Nf1 Nf4 11. Rg1 Be6 12. Ne3 Qf6 13. Nd5 Bxd5 14. exd5 Ne7 15.
Bxf4 exf4 16. d4 Ba7 17. c3 O-O 18. Nd2 Rfe8 19. Kf1 Qf5 20. Qf3 Kg7 21. h3 Qc2
22. Nb3 Qxb2 23. Qd3 b5 24. axb5 axb5 25. Bxb5 Qxb3 26. Bxe8 Rxe8 27. Rxa7 Qb2
28. g4 Nxd5 29. Qf3 Nxc3 30. Rxc7 Ne4 31. Kg2 Nxf2 32. Rb7 Qd2 33. h4 Nxg4+ 34.
Kh3 Re3 35. Kxg4 Rxf3 36. Kxf3 Qe3+ 37. Kg2 Qe4+ 38. Kh3 Qxb7 39. hxg5 Qf3+ 40.
Kh2 Qh5+ 41. Kg2 hxg5 42. d5 Qe2+ 43. Kh1 g4 44. Rg2 Qf1+ 45. Kh2 g3+ 46. Kh3
Qh1+ 0-1

[Event "English Womens Open Championship"]
[Site "Kenilworth"]
[Date "2023.05.28"]
[Round "6.2"]
[White "Toma, Katarzyna"]
[Black "Kueh, Audrey"]
[Result "1-0"]
[WhiteElo "2254"]
[BlackElo "2129"]
[PlyCount "65"]
[EventDate "2023.05.26"]
[EventType "swiss"]
[EventRounds "7"]
[EventCountry "ENG"]
[SourceTitle "BritBase"]
[Source "John Saunders"]
[SourceDate "2023.05.30"]
[SourceVersion "1"]
[SourceVersionDate "2023.05.30"]
[SourceQuality "1"]

1. e4 c6 2. d4 d5 3. exd5 cxd5 4. Bd3 Nc6 5. c3 Qc7 6. h3 g6 7. Nf3 Bf5 8. O-O
Nf6 9. Ne1 e6 10. Bg5 Ne4 11. Bxe4 Bxe4 12. Nd2 h5 13. Nxe4 dxe4 14. d5 exd5
15. Qxd5 Be7 16. Qxe4 Qe5 17. Qxe5 Nxe5 18. Bxe7 Kxe7 19. Nc2 Kf6 20. Rad1 Rhd8
21. Ne3 Nd3 22. Rd2 Nc5 23. Rfd1 Rxd2 24. Rxd2 a5 25. Rd5 Rc8 26. Kf1 a4 27.
Ke2 a3 28. bxa3 Ne4 29. Rd3 Ke5 30. c4 b5 31. cxb5 Nc3+ 32. Kf3 Rc5 33. b6 1-0

[Event "English Womens Open Championship"]
[Site "Kenilworth"]
[Date "2023.05.28"]
[Round "6.3"]
[White "Maton, Emily"]
[Black "Rida, Ruqayyah"]
[Result "0-1"]
[WhiteElo "1766"]
[BlackElo "1842"]
[PlyCount "112"]
[EventDate "2023.05.26"]
[EventType "swiss"]
[EventRounds "7"]
[EventCountry "ENG"]
[SourceTitle "BritBase"]
[Source "John Saunders"]
[SourceDate "2023.05.30"]
[SourceVersion "1"]
[SourceVersionDate "2023.05.30"]
[SourceQuality "1"]

1. c4 Nf6 2. d4 g6 3. Nc3 Bg7 4. e4 d6 5. Nf3 O-O 6. h3 e5 7. d5 Nbd7 8. Be3
Ne8 9. Be2 f5 10. exf5 gxf5 11. g3 f4 12. gxf4 exf4 13. Bd4 Ne5 14. Qd2 Qf6 15.
O-O-O Nxf3 16. Bxf3 Qxd4 17. Qxd4 Bxd4 18. Rxd4 Bd7 19. Re4 Ng7 20. h4 Rae8 21.
Rg1 Kh8 22. Bg4 Rxe4 23. Nxe4 Bxg4 24. Rxg4 h5 25. Rg5 Kh7 26. Nd2 f3 27. Rg3
Rf4 28. Rh3 Rg4 29. b3 Nf5 30. Nxf3 Rg2 31. Rh2 Rxh2 32. Nxh2 Nxh4 33. Kd2 Kg6
34. Ke3 Kf5 35. f3 Ng2+ 36. Kf2 Nf4 37. Ke3 c6 38. dxc6 bxc6 39. b4 Ke5 40. a4
d5 41. b5 dxc4 42. bxc6 Nd5+ 43. Kd2 Kd6 44. f4 Kxc6 45. f5 Kd6 46. Nf3 Ke7 47.
Ne5 c3+ 48. Kc2 Kf6 49. Nc6 h4 50. Nxa7 h3 51. Nb5 h2 52. Nxc3 Nxc3 53. Kxc3
h1=Q 54. Kb4 Kxf5 55. Kb5 Qa8 56. a5 Ke5 0-1

[Event "English Womens Open Championship"]
[Site "Kenilworth"]
[Date "2023.05.28"]
[Round "6.4"]
[White "Jayawarna, Thisumi"]
[Black "Hryshchenko, Kamila"]
[Result "0-1"]
[WhiteElo "1500"]
[BlackElo "2169"]
[PlyCount "66"]
[EventDate "2023.05.26"]
[EventType "swiss"]
[EventRounds "7"]
[EventCountry "ENG"]
[SourceTitle "BritBase"]
[Source "John Saunders"]
[SourceDate "2023.05.30"]
[SourceVersion "1"]
[SourceVersionDate "2023.05.30"]
[SourceQuality "1"]

1. e4 b6 2. d4 Bb7 3. Nc3 e6 4. Bd3 d6 5. Nge2 g6 6. Be3 Bg7 7. Qd2 a6 8. a4
Nd7 9. O-O Ngf6 10. h3 O-O 11. f4 e5 12. dxe5 dxe5 13. f5 Nc5 14. Bxc5 bxc5 15.
Qe3 Qe7 16. g4 h6 17. Kh2 Kh7 18. g5 hxg5 19. Qxg5 Bh6 20. Qh4 Kg7 21. Rg1 Rh8
22. Qg3 g5 23. Raf1 g4 24. Nd5 Bxd5 25. exd5 Bg5 26. Bc4 Qd6 27. Kg2 Rxh3 28.
Qe1 Rah8 29. Rh1 Nxd5 30. Rxh3 Rxh3 31. f6+ Kf8 32. Rh1 Ne3+ 33. Kg1 Rxh1+ 0-1

[Event "English Womens Open Championship"]
[Site "Kenilworth"]
[Date "2023.05.28"]
[Round "6.5"]
[White "Longson, Sarah N"]
[Black "Weersing, Abigail R"]
[Result "1-0"]
[WhiteElo "2031"]
[BlackElo "1932"]
[PlyCount "181"]
[EventDate "2023.05.26"]
[EventType "swiss"]
[EventRounds "7"]
[EventCountry "ENG"]
[SourceTitle "BritBase"]
[Source "John Saunders"]
[SourceDate "2023.05.30"]
[SourceVersion "1"]
[SourceVersionDate "2023.05.30"]
[SourceQuality "1"]

1. e4 e6 2. d4 d5 3. Nc3 Nf6 4. Bg5 dxe4 5. Nxe4 Nbd7 6. Nf3 h6 7. Bxf6 Nxf6 8.
Bd3 Be7 9. Qe2 Nd5 10. Qd2 Bd7 11. c3 Bc6 12. Ne5 f5 13. Nxc6 bxc6 14. Ng3 Bg5
15. Qc2 Nf4 16. O-O Qd5 17. f3 c5 18. Qa4+ c6 19. Bc4 Qd6 20. Rfe1 O-O 21. Rad1
Nd5 22. Bxd5 cxd5 23. Re2 Rf6 24. Kf1 Rg6 25. Rde1 c4 26. Qb4 Qxb4 27. cxb4 Kf7
28. Nh5 Re8 29. b5 Rb8 30. a4 Rb6 31. g3 a6 32. bxa6 Rxa6 33. Ra1 Bd8 34. Rd2
Ke7 35. Ra3 Ba5 36. Re2 Kd7 37. Rc2 Bb4 38. Ra1 Rg5 39. Nf4 Bd6 40. Ne2 Rg6 41.
Nc3 Rf6 42. Re2 Bb4 43. Ke1 Rf8 44. Kd2 Rb8 45. Kc2 Rab6 46. Nd1 Be7 47. Ra2
Rb3 48. Nc3 Ra8 49. Re1 Bf6 50. Rd1 Ra5 51. f4 Rb8 52. Rd2 Be7 53. Rd1 g5 54.
fxg5 hxg5 55. Raa1 Ra6 56. Ra2 Bb4 57. Ne2 Ba5 58. Rf1 Rc6 59. Rf3 Bb6 60. Ra1
Ba7 61. g4 f4 62. h4 Rcb6 63. Ra2 Rb3 64. Nc3 Bxd4 65. hxg5 Bxc3 66. bxc3 e5
67. Rh3 Rg8 68. a5 Rbb8 69. a6 Rxg5 70. a7 Ra8 71. Ra6 Rg7 72. g5 Rxg5 73. Rh7+
Kc8 74. Rc6+ Kd8 75. Rd6+ Kc8 76. Rh8+ Kb7 77. Rd7+ Kc6 78. Rxa8 Kxd7 79. Rd8+
Kxd8 80. a8=Q+ Ke7 81. Qxd5 Rf5 82. Kd2 f3 83. Ke1 f2+ 84. Kf1 Kf6 85. Qxc4 Rf4
86. Qc7 Kf5 87. c4 Kg4 88. Qg7+ Kf5 89. c5 Ke4 90. c6 Kf3 91. Qxe5 1-0

[Event "English Womens Open Championship"]
[Site "Kenilworth"]
[Date "2023.05.28"]
[Round "6.6"]
[White "Latypova, Olga L"]
[Black "Dicen, Elis Denele"]
[Result "0-1"]
[WhiteElo "1780"]
[BlackElo "1925"]
[PlyCount "70"]
[EventDate "2023.05.26"]
[EventType "swiss"]
[EventRounds "7"]
[EventCountry "ENG"]
[SourceTitle "BritBase"]
[Source "John Saunders"]
[SourceDate "2023.05.30"]
[SourceVersion "1"]
[SourceVersionDate "2023.05.30"]
[SourceQuality "1"]

1. e4 c6 2. d4 d5 3. Nd2 dxe4 4. Nxe4 Bf5 5. Ng3 Bg6 6. Nf3 Nd7 7. h4 h6 8. h5
Bh7 9. Bd3 Bxd3 10. Qxd3 e6 11. Bd2 Ngf6 12. O-O-O Be7 13. Ne4 Nxe4 14. Qxe4
Nf6 15. Qe2 Qd5 16. c4 Qe4 17. Be3 b5 18. Nd2 Qf5 19. c5 O-O 20. f3 Qd5 21. Kb1
Rfd8 22. g4 Nh7 23. f4 Bf6 24. Nf3 Qe4+ 25. Ka1 Rd7 26. Qf2 Rad8 27. g5 hxg5
28. fxg5 Be7 29. Ne5 Qxe5 30. Rdf1 Qf5 31. Qg3 Qe4 32. g6 Nf6 33. h6 Qxg6 34.
Qh3 Ng4 35. Rfg1 f5 0-1

[Event "English Womens Open Championship"]
[Site "Kenilworth"]
[Date "2023.05.28"]
[Round "6.7"]
[White "Subramanian, Anusha"]
[Black "Catabay, Mae"]
[Result "1-0"]
[WhiteElo "1858"]
[BlackElo "1542"]
[PlyCount "127"]
[EventDate "2023.05.26"]
[EventType "swiss"]
[EventRounds "7"]
[EventCountry "ENG"]
[SourceTitle "BritBase"]
[Source "John Saunders"]
[SourceDate "2023.05.30"]
[SourceVersion "1"]
[SourceVersionDate "2023.05.30"]
[SourceQuality "1"]

1. b3 d5 2. Bb2 Nf6 3. Nf3 c5 4. e3 e6 5. c4 Nc6 6. d4 cxd4 7. Nxd4 Bb4+ 8. Bc3
Bxc3+ 9. Nxc3 O-O 10. cxd5 exd5 11. a3 Re8 12. Be2 Be6 13. O-O Qd7 14. Rc1 Rac8
15. b4 Red8 16. Nxc6 bxc6 17. Na4 Qe7 18. Nc5 Ne4 19. Qd4 Qf6 20. Qxf6 Nxf6 21.
Ba6 Rc7 22. Rfd1 Nd7 23. Nxd7 Rdxd7 24. Rc5 Rd6 25. a4 Kf8 26. b5 Ke7 27. a5
Kd8 28. b6 Re7 29. Rb1 axb6 30. axb6 Re8 31. Ra5 Bf5 32. Bd3 Bxd3 33. Ra8+ Ke7
34. Rxe8+ Kxe8 35. b7 Rd8 36. b8=Q Rxb8 37. Rxb8+ Kd7 38. f4 c5 39. Rb7+ Ke6
40. Rc7 c4 41. Kf2 h6 42. g4 g6 43. h4 f6 44. Rh7 h5 45. gxh5 gxh5 46. Rxh5 Be4
47. Rh8 Kf7 48. Rc8 Kg6 49. Rc6 Kg7 50. Kg3 Kg6 51. Rc5 f5 52. Rc8 Kh6 53. Kf2
Kg6 54. Ke2 Kg7 55. Kd2 Kg6 56. Kc3 Kh5 57. Rh8+ Kg6 58. Kd4 Kg7 59. Rc8 Kg6
60. Ke5 c3 61. Rxc3 Kh5 62. Rc8 Kxh4 63. Rg8 Kh5 64. Rg5+ 1-0

[Event "English Womens Open Championship"]
[Site "Kenilworth"]
[Date "2023.05.28"]
[Round "6.8"]
[White "Sheikh, Anum"]
[Black "Sivanandan, Bodhana"]
[Result "0-1"]
[WhiteElo "1751"]
[BlackElo "1792"]
[PlyCount "108"]
[EventDate "2023.05.26"]
[EventType "swiss"]
[EventRounds "7"]
[EventCountry "ENG"]
[SourceTitle "BritBase"]
[Source "John Saunders"]
[SourceDate "2023.05.30"]
[SourceVersion "1"]
[SourceVersionDate "2023.05.30"]
[SourceQuality "1"]

1. e4 c6 2. b3 d5 3. Bb2 dxe4 4. Nc3 Nf6 5. Nge2 Bf5 6. Ng3 e6 7. Qe2 Be7 8.
Ncxe4 Nxe4 9. Nxe4 Bxe4 10. Qxe4 Bf6 11. d4 Nd7 12. Be2 Qc7 13. f4 O-O-O 14.
O-O-O Nb6 15. Kb1 g6 16. Bf3 Nd5 17. g3 Rd7 18. Rd2 Rhd8 19. Rhd1 Ne7 20. c4
Kb8 21. g4 c5 22. d5 Bxb2 23. Kxb2 exd5 24. cxd5 Nc8 25. Qe5 Nd6 26. Rc2 Re8
27. Qc3 b6 28. Re1 Rde7 29. Rce2 Rxe2+ 30. Rxe2 Rxe2+ 31. Bxe2 f5 32. h3 Qd7
33. Qe5 Kc7 34. gxf5 Qxf5 35. Qe7+ Qd7 36. Qxd7+ Kxd7 37. Bg4+ Nf5 38. Kc3 b5
39. Kd3 h5 40. Bf3 Kd6 41. a4 a6 42. axb5 axb5 43. Be4 Ne7 44. Kd2 Nxd5 45.
Bxg6 Nxf4 46. Be8 b4 47. Ke3 Ke5 48. Bf7 h4 49. Kf3 Nxh3 50. Kg4 Ng5 51. Be8 h3
52. Bc6 c4 53. bxc4 b3 54. Kg3 b2 0-1

[Event "English Womens Open Championship"]
[Site "Kenilworth"]
[Date "2023.05.28"]
[Round "6.9"]
[White "Walker, Kate"]
[Black "Hariharan, Shambavi"]
[Result "0-1"]
[WhiteElo "1541"]
[BlackElo "1523"]
[PlyCount "90"]
[EventDate "2023.05.26"]
[EventType "swiss"]
[EventRounds "7"]
[EventCountry "ENG"]
[SourceTitle "BritBase"]
[Source "John Saunders"]
[SourceDate "2023.05.30"]
[SourceVersion "1"]
[SourceVersionDate "2023.05.30"]
[SourceQuality "1"]

1. d4 d5 2. c4 c6 3. cxd5 cxd5 4. Nc3 Nc6 5. Nf3 Nf6 6. Bf4 a6 7. e3 e6 8. a3
Be7 9. Bd3 O-O 10. O-O b5 11. b4 Bd7 12. Rc1 Rc8 13. Bb1 Re8 14. Qd3 g6 15. Qe2
Nh5 16. Bh6 Bf8 17. Bxf8 Rxf8 18. Nd2 Qb6 19. Nb3 Rfd8 20. Nc5 Nf6 21. f4 Ne7
22. g4 Be8 23. f5 exf5 24. gxf5 Kg7 25. fxg6 hxg6 26. Qf3 Bd7 27. Qf4 Bf5 28.
Ba2 Qd6 29. Qxd6 Rxd6 30. Bb1 Rh8 31. e4 dxe4 32. N3xe4 Nxe4 33. Bxe4 Bxe4 34.
Nxe4 Rxd4 35. Ng3 Rd2 36. Nh1 Rdxh2 37. Nf2 R2h5 38. Ne4 Rh1+ 39. Kf2 R8h2+ 40.
Kf3 Rxf1+ 41. Rxf1 Rh3+ 42. Ng3 Nf5 43. Rg1 Rxg3+ 44. Rxg3 Nxg3 45. Kxg3 f5 0-1